| 000 | 00503nab a2200145Ia 4500 | ||
|---|---|---|---|
| 003 | ES-SlBCS | ||
| 005 | 20210601132857.0 | ||
| 008 | 140529s1970 xxu||||| |||| 00| 0 ita d | ||
| 041 | _aita | ||
| 100 | 1 |
_aFemiano, Salvatore _963152 |
|
| 245 | 0 | 0 |
_aIl valore semantico dei presupposti metafisica della gnoseologia campanelliana _c Salvatore Femiano |
| 600 | 1 |
_aCampanella, Tomás de-Gnoseología _9199717 |
|
| 773 | 0 |
_tGiornali di Metafisica _gvol. 25, nº. 1, 1970, págs. 75-104 _w0017-0372 |
|
| 942 | _cAR | ||
| 999 |
_c587050 _d587050 |
||